[Event "1st league of Central Serbia"]
[Site "Vrnjacka Banja"]
[Date "2006.10.27"]
[Round "9.1"]
[White "Trifunovic, Miroljub"]
[Black "Savicevic, Vlatko"]
[Result "1/2-1/2"]
[WhiteElo "2247"]
[BlackElo "2331"]
[PlyCount "80"]
[EventDate "2006.09.09"]

1. d4 d5 2. Nf3 Nf6 3. c4 e6 4. Nc3 Be7 5. g3 O-O 6. Bg2 dxc4 7. Ne5 Nc6 8.
Bxc6 bxc6 9. Nxc6 Qe8 10. Nxe7+ Qxe7 11. Qa4 c5 12. dxc5 Qxc5 13. Qb5 Qd4 14.
Be3 Qg4 15. f3 Qh3 16. Qxc4 Bb7 17. Qh4 Qf5 18. O-O h6 19. Qf4 Qg6 20. Bd4 Nd5
21. Nxd5 exd5 22. Rac1 a5 23. Qg4 Qxg4 24. fxg4 Rfc8 25. e3 Ba6 26. Rfe1 a4 27.
h3 Bc4 28. Ra1 Bd3 29. Rec1 Rxc1+ 30. Rxc1 Bc4 31. a3 Rc8 32. Kf2 f6 33. Bc3
Bb3 34. Kf3 Kf7 35. Rf1 Ke6 36. Kf2 Rc6 37. Ke2 Rc7 38. Kd2 Rc8 39. Rf5 Rc7 40.
Rf4 Rc4 1/2-1/2

[Event "1st league of Central Serbia"]
[Site "Vrnjacka Banja"]
[Date "2006.10.27"]
[Round "9.1"]
[White "Simic, Dragisa"]
[Black "Ljubisavljevic, Zivojin Z"]
[Result "1/2-1/2"]
[WhiteElo "2332"]
[BlackElo "2290"]
[PlyCount "87"]
[EventDate "2006.09.09"]

1. e4 c6 2. d4 d5 3. e5 Bf5 4. Nf3 e6 5. Be2 c5 6. Be3 Qb6 7. Nc3 Nc6 8. dxc5
Bxc5 9. Bxc5 Qxc5 10. Nb5 Kf8 11. c3 Nge7 12. O-O h6 13. Nbd4 g5 14. Nxc6 Nxc6
15. Nd4 Nxe5 16. Nxf5 exf5 17. Qb3 b6 18. Rad1 Rd8 19. Rd2 Kg7 20. Rfd1 Nc4 21.
Rd4 Rhe8 22. Qc2 Qe7 23. Bf1 Qf6 24. b3 Nd6 25. Rxd5 Ne4 26. Rxd8 Rxd8 27. Rxd8
Qxd8 28. f3 Nd6 29. Qd2 f4 30. Qd4+ f6 31. Bd3 Qe7 32. Kf2 Qe5 33. Qxe5 fxe5
34. c4 a5 35. a3 Kf6 36. b4 axb4 37. axb4 e4 38. fxe4 Ke5 39. c5 bxc5 40. bxc5
Ne8 41. g3 fxg3+ 42. Kxg3 Kd4 43. Bc2 Kxc5 44. Kg4 1/2-1/2

[Event "1st league of Central Serbia"]
[Site "Vrnjacka Banja"]
[Date "2006.10.27"]
[Round "9.1"]
[White "Cvetkovic, Nemanja"]
[Black "Pavlovic, Nebojsa"]
[Result "0-1"]
[WhiteElo "2179"]
[BlackElo "2336"]
[PlyCount "48"]
[EventDate "2006.09.09"]

1. d4 Nf6 2. c4 g6 3. Nc3 Bg7 4. Nf3 O-O 5. g3 d6 6. Bg2 Nc6 7. O-O a6 8. e4
Bg4 9. h3 Bxf3 10. Bxf3 Nd7 11. Be3 e5 12. d5 Nd4 13. Bg2 c5 14. dxc6 bxc6 15.
f4 Rb8 16. Qd2 Qa5 17. f5 Qb4 18. Rf2 Qxc4 19. Bf1 Qb4 20. Bxa6 Qa5 21. Bc4
gxf5 22. Bh6 Qc5 23. Be2 Bxh6 24. Qxh6 Rxb2 0-1

[Event "1st league of Central Serbia"]
[Site "Vrnjacka Banja"]
[Date "2006.10.27"]
[Round "9.1"]
[White "Adzic, Momcilo"]
[Black "Ravic, Nenad"]
[Result "1-0"]
[WhiteElo "2238"]
[BlackElo "2151"]
[PlyCount "45"]
[EventDate "2006.09.09"]

1. e4 c5 2. Nf3 d6 3. d4 cxd4 4. Nxd4 Nf6 5. Nc3 a6 6. Bg5 e6 7. f3 b5 8. Qd2
Bb7 9. O-O-O Nbd7 10. Kb1 h6 11. Be3 b4 12. Nce2 d5 13. exd5 Nxd5 14. Bf2 N7b6
15. Nf4 Bd6 16. Nfxe6 fxe6 17. Nxe6 Qd7 18. Bxb6 Qxe6 19. Re1 Be5 20. Bd4 O-O-O
21. Rxe5 Qxe5 22. Bxe5 Nc3+ 23. Bxc3 1-0

[Event "1st league of Central Serbia"]
[Site "Vrnjacka Banja"]
[Date "2006.10.27"]
[Round "9.1"]
[White "Jakovljevic, Zivota"]
[Black "Draskovic, Dragan"]
[Result "1-0"]
[WhiteElo "2127"]
[BlackElo "2143"]
[PlyCount "99"]
[EventDate "2006.09.09"]

1. d4 Nf6 2. c4 g6 3. Nc3 d5 4. cxd5 Nxd5 5. e4 Nxc3 6. bxc3 Bg7 7. Be3 c5 8.
Bb5+ Bd7 9. Bxd7+ Nxd7 10. Ne2 cxd4 11. cxd4 O-O 12. O-O Nb6 13. Qb3 Qd7 14.
Rac1 e6 15. Rfd1 Rfc8 16. f3 Rxc1 17. Rxc1 Rc8 18. Rxc8+ Qxc8 19. d5 exd5 20.
Bxb6 axb6 21. exd5 Bf8 22. Kf1 Qc7 23. g3 Bc5 24. Kg2 Qe5 25. Qd3 h5 26. Nc3
Kf8 27. f4 Qe3 28. Qxe3 Bxe3 29. Kf3 Bc5 30. f5 Ke7 31. fxg6 fxg6 32. Ne4 Ba3
33. g4 hxg4+ 34. Kxg4 Kf7 35. Kf4 b5 36. Ke5 Bb2+ 37. Kd6 b4 38. h3 b6 39. Kc6
Ke7 40. d6+ Kd8 41. Ng5 Bf6 42. Ne6+ Ke8 43. d7+ Kf7 44. d8=Q Bxd8 45. Nxd8+
Kf6 46. Kxb6 Kg5 47. Nf7+ Kf6 48. Nh6 Kg5 49. Ng4 Kh4 50. Ne5 1-0

[Event "1st league of Central Serbia"]
[Site "Vrnjacka Banja"]
[Date "2006.10.27"]
[Round "9.2"]
[White "Organdziev, Oliver"]
[Black "Muratovic, Alija"]
[Result "0-1"]
[WhiteElo "2296"]
[BlackElo "2445"]
[PlyCount "54"]
[EventDate "2006.09.09"]

1. e4 e5 2. Nf3 Nc6 3. Bb5 a6 4. Ba4 Nf6 5. O-O Be7 6. Re1 b5 7. Bb3 O-O 8. c3
d6 9. h3 Na5 10. d4 Nxb3 11. Qxb3 exd4 12. cxd4 Bb7 13. Nbd2 c5 14. d5 Nd7 15.
Nf1 Bf6 16. Be3 Re8 17. Ng3 Rc8 18. Qc2 g6 19. Rad1 c4 20. Re2 Nc5 21. Kh2 Nd3
22. Rxd3 cxd3 23. Qxd3 Qc7 24. Bd4 Bxd4 25. Qxd4 Qc4 26. Qf6 Qc7 27. e5 Qd8 0-1

[Event "1st league of Central Serbia"]
[Site "Vrnjacka Banja"]
[Date "2006.10.27"]
[Round "9.2"]
[White "Jovic, Stanoje"]
[Black "Djakovac, Enes"]
[Result "1/2-1/2"]
[WhiteElo "2330"]
[BlackElo "2219"]
[PlyCount "20"]
[EventDate "2006.09.09"]

1. c4 c6 2. e4 d5 3. exd5 cxd5 4. cxd5 Qxd5 5. Nc3 Qe5+ 6. Be2 e6 7. Nf3 Qa5 8.
d4 Nf6 9. O-O Bb4 10. Bg5 Nbd7 1/2-1/2

[Event "1st league of Central Serbia"]
[Site "Vrnjacka Banja"]
[Date "2006.10.27"]
[Round "9.3"]
[White "Cabarkapa, Miomir"]
[Black "Marjanovic, Slavoljub"]
[Result "1/2-1/2"]
[WhiteElo "2214"]
[BlackElo "2494"]
[PlyCount "74"]
[EventDate "2006.09.09"]

1. Nf3 c5 2. c4 Nf6 3. Nc3 d5 4. cxd5 Nxd5 5. g3 Nc6 6. Bg2 Nc7 7. d3 e5 8. Be3
Be7 9. Ne4 b6 10. O-O O-O 11. Qd2 Be6 12. Nc3 Qd7 13. Ng5 Bxg5 14. Bxg5 Bh3 15.
Rfe1 Bxg2 16. Kxg2 f5 17. f3 h6 18. Be3 Rad8 19. Rad1 Kh7 20. Bf2 Nd4 21. Qc1
Qc6 22. Kg1 Nce6 23. Be3 Rf6 24. b3 Rg6 25. Kf2 Rf8 26. Rg1 b5 27. Rdf1 a5 28.
Nb1 Ra8 29. Nd2 a4 30. Qb2 Qd5 31. Ra1 axb3 32. axb3 Rxa1 33. Rxa1 f4 34. Bxd4
Nxd4 35. Rc1 Ra6 36. Ra1 fxg3+ 37. hxg3 Rxa1 1/2-1/2

[Event "1st league of Central Serbia"]
[Site "Vrnjacka Banja"]
[Date "2006.10.27"]
[Round "9.3"]
[White "Tosic, Miroslav"]
[Black "Jovcic, Zoran"]
[Result "1/2-1/2"]
[WhiteElo "2442"]
[BlackElo "2172"]
[PlyCount "82"]
[EventDate "2006.09.09"]

1. d4 Nf6 2. c4 c5 3. d5 b5 4. cxb5 a6 5. b6 g6 6. Nc3 d6 7. Nf3 Qxb6 8. Nd2
Bg7 9. e4 O-O 10. a4 Nbd7 11. Be2 Rb8 12. O-O Ne8 13. f4 Nc7 14. Kh1 a5 15. Nc4
Qa7 16. Qe1 Nb6 17. Na3 Qb7 18. Bd2 Bd7 19. b3 Na6 20. Rb1 Nb4 21. Ncb5 Rbc8
22. Qh4 Bxb5 23. Bxb5 Bf6 24. Qg3 e6 25. e5 Bg7 26. dxe6 fxe6 27. exd6 Qd5 28.
Rbd1 Qf5 29. Nc4 Nxc4 30. Bxc4 Rcd8 31. Be3 Nc6 32. Qe1 Kh8 33. Bd3 Qh5 34. Be2
Qf5 35. g4 Qc2 36. Rc1 Qxb3 37. Bxc5 Qxa4 38. Bc4 Nd4 39. Bd3 Nb3 40. Bc2 Qc6+
41. Be4 Qa4 1/2-1/2

[Event "1st league of Central Serbia"]
[Site "Vrnjacka Banja"]
[Date "2006.10.27"]
[Round "9.3"]
[White "Miljkovic, Miroslav"]
[Black "Dragasevic, Dragan"]
[Result "1/2-1/2"]
[WhiteElo "2399"]
[BlackElo "2149"]
[PlyCount "167"]
[EventDate "2006.09.09"]

1. d4 d6 2. c4 g6 3. e4 Bg7 4. h3 Nf6 5. Nc3 c6 6. Nf3 Qc7 7. Be2 e5 8. d5 Nbd7
9. Be3 cxd5 10. cxd5 a6 11. Rc1 Qb8 12. a4 O-O 13. Nd2 b6 14. O-O a5 15. Nb5
Nc5 16. Bxc5 bxc5 17. Rc3 Bd7 18. Rb3 Bxb5 19. Rxb5 Qc7 20. Qc2 Rfb8 21. Ra1
Nd7 22. Nc4 Rxb5 23. axb5 Nb6 24. Rxa5 Rxa5 25. Nxa5 Nxd5 26. Nc6 Nb6 27. Qd2
Bf6 28. b3 Kg7 29. Bc4 h6 30. Qa5 Bg5 31. Qa6 h5 32. g3 h4 33. g4 Bf6 34. Bd5
Bg5 35. Na5 Bd8 36. Nc4 Nxc4 37. Bxc4 Kf6 38. Qa8 Kg7 39. Qd5 Qe7 40. Qc6 Qc7
41. Qe8 Qe7 42. Qc6 Qc7 43. Qd5 Qe7 44. Kg2 Qd7 45. Kf3 Kf8 46. Ke2 Qe7 47. Qc6
Qc7 48. Qa8 g5 49. Kd3 Kg7 50. Qa6 Kf8 51. Qa8 Kg7 52. Qd5 Qd7 53. Kc3 Ba5+ 54.
Kd3 Bd8 55. Qa8 Qc7 56. Bd5 Kf6 57. Qa6 Kg7 58. Kc4 Kf8 59. Bb7 Ke7 60. Bc8 Kf8
61. Bf5 Ke7 62. Qa8 Kf8 63. Qc8 Qb6 64. Kd5 Kg7 65. Qa6 Qb8 66. f3 Bb6 67. Qc8
Qa7 68. Kc6 c4 69. bxc4 Ba5 70. Kxd6 Qd4+ 71. Kc6 Qxc4+ 72. Kb7 Qxb5+ 73. Ka8
Bb6 74. Qd7 Qa6+ 75. Kb8 Bc5 76. Kc7 Qb6+ 77. Kc8 Bd6 78. Qb7 Qc5+ 79. Kd7 Bf8
80. Ke8 Qc4 81. Qd5 Qc7 82. Qd7 Qb8+ 83. Qc8 Qb5+ 84. Qd7 1/2-1/2

[Event "1st league of Central Serbia"]
[Site "Vrnjacka Banja"]
[Date "2006.10.27"]
[Round "9.3"]
[White "Jocovic, Slobodan"]
[Black "Perunovic, Miodrag"]
[Result "0-1"]
[WhiteElo "2252"]
[BlackElo "2376"]
[PlyCount "66"]
[EventDate "2006.09.09"]

1. d4 e6 2. Nf3 Nf6 3. Bg5 h6 4. Bxf6 Qxf6 5. c4 c5 6. e3 cxd4 7. exd4 Bb4+ 8.
Nc3 b6 9. a3 Bxc3+ 10. bxc3 O-O 11. Be2 Nc6 12. O-O Ba6 13. Qa4 Bb7 14. Rab1
Rab8 15. Rfe1 Qe7 16. Nd2 Rfc8 17. Bf3 Na5 18. Bxb7 Rxb7 19. c5 d6 20. Ne4 dxc5
21. dxc5 Rbb8 22. h3 Qc7 23. Rb5 Nc6 24. cxb6 axb6 25. Reb1 Ne7 26. Qd4 Nd5 27.
Rxd5 exd5 28. Qxd5 Qf4 29. f3 Rd8 30. Qa2 Kh7 31. Qf2 f5 32. Qg3 Qe3+ 33. Qf2
Qd3 0-1

[Event "1st league of Central Serbia"]
[Site "Vrnjacka Banja"]
[Date "2006.10.27"]
[Round "9.3"]
[White "Miljkovic, Mihajlo"]
[Black "Novakovic, Nemanja"]
[Result "0-1"]
[WhiteElo "2280"]
[BlackElo "2194"]
[PlyCount "71"]
[EventDate "2006.09.09"]

1. d4 e6 2. c4 Bb4+ 3. Nc3 Nf6 4. Qc2 Bxc3+ 5. bxc3 Qe7 6. e4 d6 7. Bd3 e5 8.
Ne2 c5 9. f4 b6 10. O-O h5 11. fxe5 dxe5 12. Bg5 Nbd7 13. Ng3 cxd4 14. cxd4 Nf8
15. Nf5 Bxf5 16. Rxf5 N8d7 17. Raf1 Qd6 18. dxe5 Nxe5 19. Be2 Nfd7 20. Kh1 f6
21. Be3 g6 22. R5f2 O-O 23. h3 Kg7 24. Rd1 Qe7 25. Rd5 Rac8 26. Qd2 Nc5 27.
Bh6+ Kh7 28. Bxf8 Rxf8 29. Qf4 Kg7 30. Rf1 Rf7 31. Rfd1 a5 32. Rd6 Ncd7 33. Qd2
b5 34. Qf4 f5 35. exf5 Rxf5 36. Qd4 0-1

[Event "1st league of Central Serbia"]
[Site "Vrnjacka Banja"]
[Date "2006.10.27"]
[Round "9.4"]
[White "Misailovic, Nebojsa"]
[Black "Nikolic, Stanimir"]
[Result "0-1"]
[WhiteElo "2348"]
[BlackElo "2291"]
[PlyCount "64"]
[EventDate "2006.09.09"]

1. e4 e5 2. Nf3 Nc6 3. Bb5 Nf6 4. d3 d6 5. c3 Bd7 6. Nbd2 a6 7. Ba4 Be7 8. O-O
O-O 9. Re1 b5 10. Bb3 Na5 11. Bc2 c5 12. Nf1 Nc6 13. Ng3 Rc8 14. h3 Re8 15. a4
h6 16. Bb3 Bf8 17. axb5 axb5 18. Nh4 Na5 19. Ba2 c4 20. Nhf5 Be6 21. d4 Kh7 22.
d5 Bd7 23. Bd2 g6 24. Ne3 Nb7 25. Nc2 Nc5 26. Nb4 Ra8 27. Qc2 Qa5 28. Qd1 Bg7
29. Qe2 Ra7 30. Kh2 Qc7 31. Rad1 Nd3 32. Rg1 Nxb4 0-1

[Event "1st league of Central Serbia"]
[Site "Vrnjacka Banja"]
[Date "2006.10.27"]
[Round "9.4"]
[White "Mitrovic, Petar"]
[Black "Radovanovic, Dusan"]
[Result "1-0"]
[WhiteElo "2366"]
[BlackElo "2380"]
[PlyCount "123"]
[EventDate "2006.09.09"]

1. e4 c5 2. Nf3 Nc6 3. d4 cxd4 4. Nxd4 Nf6 5. Nc3 e5 6. Ndb5 d6 7. Bg5 a6 8.
Na3 b5 9. Bxf6 gxf6 10. Nd5 Bg7 11. c3 f5 12. Bd3 Be6 13. Qh5 f4 14. g3 O-O 15.
Nc2 f5 16. gxf4 Bxd5 17. exd5 Ne7 18. O-O-O Qd7 19. fxe5 dxe5 20. Ne3 e4 21.
Bc2 Qd6 22. Rhg1 Kh8 23. Rg5 Bh6 24. Rgg1 Rac8 25. Kb1 a5 26. Rg2 b4 27. cxb4
axb4 28. Rdg1 Qf4 29. Bb3 Ng6 30. d6 Ne5 31. Qxf5 Nf3 32. Qxf4 Nd2+ 33. Ka1
Nxb3+ 34. axb3 Bxf4 35. d7 Rcd8 36. Rd1 Rf7 37. Rg4 Bxh2 38. Rxe4 Rfxd7 39.
Rxd7 Rxd7 40. Rxb4 Rf7 41. Ng4 Bg1 42. f4 h5 43. Ne5 Rf6 44. Rb8+ Kg7 45. Rb7+
Kh6 46. Nf7+ Kg6 47. Ne5+ Kf5 48. Rh7 Kxf4 49. Rxh5 Bd4 50. Nc4 Ke4 51. Ka2
Ra6+ 52. Kb1 Rg6 53. Kc2 Rg2+ 54. Nd2+ Ke3 55. Rh3+ Ke2 56. Nc4 Bc5 57. Kc3 Rg1
58. b4 Bf2 59. b5 Rg6 60. b6 Bxb6 61. Nxb6 Rxb6 62. b4 1-0

[Event "1st league of Central Serbia"]
[Site "Vrnjacka Banja"]
[Date "2006.10.27"]
[Round "9.4"]
[White "Pavlovic, S  Dejan"]
[Black "Dmitrovic, Tomislav"]
[Result "1-0"]
[WhiteElo "2340"]
[BlackElo "2274"]
[PlyCount "129"]
[EventDate "2006.09.09"]

1. e4 e6 2. d4 d5 3. Nc3 Nf6 4. Bg5 dxe4 5. Nxe4 Nbd7 6. Nf3 h6 7. Nxf6+ Nxf6
8. Bh4 a6 9. Bc4 b5 10. Bb3 Bb7 11. O-O c5 12. c3 Be7 13. Re1 O-O 14. Ne5 cxd4
15. cxd4 Nd5 16. Bg3 Bg5 17. Nd3 Ra7 18. Nc5 Ba8 19. a4 b4 20. Bc2 Re8 21. Qd3
g6 22. Nxa6 Ne7 23. Nc5 Nf5 24. Rad1 Qd5 25. Ne4 Nxg3 26. Qxg3 Be7 27. Bb3 Qh5
28. d5 Bxd5 29. Bxd5 exd5 30. Nf6+ Bxf6 31. Rxe8+ Kg7 32. Qb3 d4 33. g3 Qa5 34.
Rb8 Qxa4 35. Qxa4 Rxa4 36. b3 Ra2 37. Rxb4 h5 38. h4 Rb2 39. Rd3 Rc2 40. Kg2
Be5 41. Rc4 Rb2 42. Rc6 Kg8 43. Kf3 Bg7 44. Rc8+ Kh7 45. Re8 Bf6 46. Re2 Rb1
47. Ke4 Kg8 48. Kd5 Kf8 49. Kc4 Rc1+ 50. Kd5 Rb1 51. Kc4 Rc1+ 52. Kb5 Rc8 53.
b4 Rb8+ 54. Ka4 Ra8+ 55. Kb3 Rb8 56. Kc4 Rc8+ 57. Kd5 Rb8 58. Rb2 Be7 59. b5
Rd8+ 60. Kc6 Rc8+ 61. Kb7 Re8 62. b6 Bd6 63. Rb5 Be5 64. f4 Re7+ 65. Ka6 1-0

[Event "1st league of Central Serbia"]
[Site "Vrnjacka Banja"]
[Date "2006.10.27"]
[Round "9.4"]
[White "Milunovic, Toni"]
[Black "Civric, Zdravko"]
[Result "1/2-1/2"]
[WhiteElo "2292"]
[BlackElo "2205"]
[PlyCount "118"]
[EventDate "2006.09.09"]

1. e4 c5 2. Nc3 Nc6 3. f4 g6 4. Nf3 Bg7 5. Bc4 e6 6. f5 Nge7 7. fxe6 dxe6 8. d3
a6 9. a3 O-O 10. O-O b5 11. Ba2 Nd4 12. Ne2 Nec6 13. Nexd4 Nxd4 14. Ng5 Qe7 15.
c3 Nc6 16. Qe2 h6 17. Nh3 Bb7 18. Nf4 Rac8 19. Be3 Ne5 20. Rad1 a5 21. a4 bxa4
22. d4 cxd4 23. cxd4 Nc6 24. Qg4 Nb4 25. Bxe6 Qg5 26. Bxc8 Rxc8 27. Qxg5 hxg5
28. Nd5 Nxd5 29. exd5 Bxd5 30. Bxg5 Rb8 31. Rd2 f5 32. Rc1 Rxb2 33. Rxb2 Bxd4+
34. Rf2 a3 35. Bd8 a4 36. Kf1 a2 37. Rd2 Bc4+ 38. Ke1 Bc3 39. Bb6 a1=Q 40. Rxa1
Bxa1 41. Bd4 Bxd4 42. Rxd4 Bb3 43. Rd8+ Kg7 44. Ra8 Kf6 45. Ra6+ Kg5 46. Ke2
Kh5 47. Ke3 g5 48. h3 f4+ 49. Kf2 Bc2 50. g3 fxg3+ 51. Kxg3 Bb3 52. Kg2 Bd5+
53. Kg3 Bb3 54. Ra5 Kg6 55. Kf3 Bd1+ 56. Kf2 Bc2 57. Ra6+ Kh5 58. Rd6 Bb3 59.
Rb6 Bc2 1/2-1/2

[Event "1st league of Central Serbia"]
[Site "Vrnjacka Banja"]
[Date "2006.10.27"]
[Round "9.4"]
[White "Marinkovic, Zoran"]
[Black "Tosic, Nebojsa"]
[Result "1/2-1/2"]
[WhiteElo "2286"]
[BlackElo "2228"]
[PlyCount "22"]
[EventDate "2006.09.09"]

1. e4 c5 2. Nf3 d6 3. Bb5+ Bd7 4. Bxd7+ Qxd7 5. O-O Nc6 6. c3 g6 7. d4 cxd4 8.
cxd4 Bg7 9. Nc3 Nf6 10. d5 Ne5 11. Ne1 O-O 1/2-1/2

[Event "1st league of Central Serbia"]
[Site "Vrnjacka Banja"]
[Date "2006.10.27"]
[Round "9.5"]
[White "Sredojevic, Ivan"]
[Black "Ristic, Nenad"]
[Result "1/2-1/2"]
[WhiteElo "2349"]
[BlackElo "2441"]
[PlyCount "107"]
[EventDate "2006.09.09"]

1. e4 c5 2. Nf3 d6 3. d4 cxd4 4. Nxd4 Nf6 5. Nc3 g6 6. Be2 Bg7 7. h4 Nc6 8. Be3
h5 9. f3 O-O 10. Qd2 d5 11. Nxc6 bxc6 12. e5 Nd7 13. f4 Qa5 14. a3 Rb8 15. Rb1
f6 16. e6 f5 17. Nxd5 Qxd5 18. exd7 Bxd7 19. Bxa7 Rxb2 20. Rxb2 Bxb2 21. Qb4
Be6 22. Kf2 Qd7 23. Bc5 Bf6 24. Rd1 Qc7 25. Bb6 Qb7 26. a4 Bxh4+ 27. g3 Bf6 28.
a5 Bd5 29. a6 Qa8 30. a7 h4 31. Ba6 Kg7 32. Rxd5 cxd5 33. Bc5 Qc6 34. Bb7 Qc7
35. a8=Q hxg3+ 36. Kxg3 Rxa8 37. Bxa8 g5 38. Bxd5 gxf4+ 39. Kg2 e5 40. Qb7 Qxb7
41. Bxb7 e4 42. Bd6 f3+ 43. Kg3 Bc3 44. Bc5 Kf6 45. Kf4 Bd2+ 46. Be3 Bxe3+ 47.
Kxe3 Ke5 48. c3 Kd6 49. Bc8 Ke5 50. Bd7 f4+ 51. Kf2 Kd5 52. Bb5 Kc5 53. Ba6 Kd5
54. Bb7+ 1/2-1/2

[Event "1st league of Central Serbia"]
[Site "Vrnjacka Banja"]
[Date "2006.10.27"]
[Round "9.5"]
[White "Ristic, Nebojsa"]
[Black "Rabrenovic, Vladan"]
[Result "1-0"]
[WhiteElo "2367"]
[BlackElo "2320"]
[PlyCount "73"]
[EventDate "2006.09.09"]

1. d4 Nf6 2. Bg5 d5 3. Nf3 e6 4. e3 Be7 5. c4 O-O 6. Nc3 h6 7. Bh4 b6 8. Be2
Bb7 9. Bxf6 Bxf6 10. cxd5 exd5 11. Qb3 c6 12. O-O Re8 13. Rad1 Nd7 14. Rfe1 Nf8
15. e4 g6 16. e5 Bg7 17. g3 Ne6 18. h4 h5 19. Bf1 Qe7 20. Bh3 Bh6 21. Nh2 Rad8
22. Bxe6 Qxe6 23. f4 Qh3 24. Ne2 Ba6 25. Qf3 Bf8 26. f5 Bb4 27. f6 Bxe1 28.
Rxe1 Bxe2 29. Rxe2 Kh7 30. Qf2 Re6 31. Nf3 Qg4 32. Qe3 Rd7 33. Rf2 c5 34. Kh2
cxd4 35. Qc1 Re8 36. e6 fxe6 37. Ne5 1-0

[Event "1st league of Central Serbia"]
[Site "Vrnjacka Banja"]
[Date "2006.10.27"]
[Round "9.5"]
[White "Colovic, Dusan"]
[Black "Djokic, Nenad"]
[Result "1/2-1/2"]
[WhiteElo "2357"]
[BlackElo "2325"]
[PlyCount "111"]
[EventDate "2006.09.09"]

1. d4 Nf6 2. Nc3 c5 3. d5 g6 4. Nf3 Bg7 5. h3 O-O 6. e4 d6 7. Be2 b5 8. Nd2 b4
9. Ncb1 e6 10. c4 exd5 11. exd5 Re8 12. O-O a5 13. a3 Na6 14. Nf3 Bf5 15. Bd3
Bxd3 16. Qxd3 Ne4 17. Nbd2 Nxd2 18. Qxd2 Re4 19. Qd3 Qe8 20. Rb1 h6 21. Bd2 Ra7
22. a4 Rae7 23. b3 f5 24. Rbe1 Nb8 25. Qc2 Nd7 26. Rxe4 Rxe4 27. Re1 Nf6 28.
Rxe4 Nxe4 29. Qd3 Qe7 30. h4 Qf6 31. Be3 Qa1+ 32. Kh2 Nf6 33. g3 Qb2 34. Kg2
Ne4 35. Nd2 Qc3 36. Qxc3 Nxc3 37. Bf4 Bf8 38. Kf1 Kg7 39. f3 Be7 40. Ke1 g5 41.
hxg5 hxg5 42. Be3 Kf6 43. Nf1 Ke5 44. Kd2 Kf6 45. Kd3 Kg6 46. Bd2 Bf6 47. Bxc3
Bxc3 48. g4 Be5 49. Ne3 fxg4 50. fxg4 Bf4 51. Nf5 Kf6 52. Ke4 Be5 53. Ne3 Kg6
54. Nf5 Kf6 55. Ne3 Kg6 56. Nf5 1/2-1/2

[Event "1st league of Central Serbia"]
[Site "Vrnjacka Banja"]
[Date "2006.10.27"]
[Round "9.5"]
[White "Stankovic, Dragan"]
[Black "Irizanin, Radoje"]
[Result "0-1"]
[WhiteElo "2334"]
[BlackElo "2301"]
[PlyCount "94"]
[EventDate "2006.09.09"]

1. g3 c5 2. Bg2 Nc6 3. c4 g6 4. Nc3 Bg7 5. e4 d6 6. Nge2 e6 7. O-O Nge7 8. d3
O-O 9. a3 a5 10. Rb1 f5 11. Nb5 e5 12. f4 fxe4 13. dxe4 Nd4 14. Nec3 Be6 15. b3
Qd7 16. Qd3 Nec6 17. Na4 Rae8 18. Nb6 Qd8 19. Nxd4 Nxd4 20. Nd5 Bxd5 21. cxd5
exf4 22. Bxf4 b5 23. a4 b4 24. Qa6 Be5 25. Bh6 Rxf1+ 26. Qxf1 g5 27. Bh3 Qf6
28. Qxf6 Bxf6 29. Rf1 Bg7 30. Bxg5 Nxb3 31. Be6+ Kh8 32. Bf4 Nd4 33. Bxd6 Nxe6
34. dxe6 Bd4+ 35. Kg2 Rxe6 36. e5 c4 37. Rf4 b3 38. Rxd4 b2 39. Rd1 c3 40. Ba3
Rxe5 41. Kf3 Rd5 42. Bxb2 cxb2 43. Rb1 Rd2 44. h4 Kg7 45. Ke3 Rg2 46. Kf3 Rd2
47. g4 Kf6 0-1

[Event "1st league of Central Serbia"]
[Site "Vrnjacka Banja"]
[Date "2006.10.27"]
[Round "9.5"]
[White "Mirkovic, Stevan"]
[Black "Djoric, Dusan"]
[Result "1/2-1/2"]
[WhiteElo "2214"]
[BlackElo "2309"]
[PlyCount "135"]
[EventDate "2006.09.09"]

1. Nf3 d5 2. d4 Nc6 3. c4 Bg4 4. e3 e5 5. Qb3 Bb4+ 6. Bd2 Bxd2+ 7. Nbxd2 exd4
8. cxd5 dxe3 9. fxe3 Bxf3 10. Nxf3 Nce7 11. Bc4 Nh6 12. O-O O-O 13. Rad1 Qd6
14. Qd3 Ng6 15. Bb3 Ng4 16. h3 N4e5 17. Nxe5 Nxe5 18. Qf5 g6 19. Qg5 Kg7 20.
Rd4 f6 21. Qg3 Rae8 22. h4 Nf7 23. Qf2 Nh6 24. Rf4 Qe5 25. e4 a6 26. Qc5 b6 27.
Qc6 Re7 28. Qc4 a5 29. Qc2 f5 30. Qf2 Rf6 31. Bc2 Ng4 32. Qg3 h5 33. exf5 Qe3+
34. Qxe3 Nxe3 35. R1f2 gxf5 36. Bb3 Kg6 37. R4f3 Ng4 38. Rf1 Re2 39. Rc1 a4 40.
Bxa4 Rd6 41. Bb5 Rxb2 42. Be8+ Kf6 43. Bxh5 Ne5 44. Rff1 Rxd5 45. g4 Nd3 46.
Rxc7 f4 47. g5+ Ke5 48. Bf3 Rd6 49. Re7+ Kd4 50. Be4 Ne5 51. Bh7 Nc4 52. Re4+
Kc5 53. Rexf4 Ne3 54. Rc1+ Kb5 55. Rf2 Rb4 56. Bf5 Rxh4 57. Rf3 Rd5 58. Rxe3
Rxf5 59. Rg3 Rh7 60. Rc2 Rg7 61. g6 Rf6 62. Rcg2 Kc6 63. Kh2 Rf8 64. Rg5 Rf3
65. Rh5 Rf6 66. Rhg5 Rf3 67. Rh5 Rf6 68. Rhg5 1/2-1/2

[Event "1st league of Central Serbia"]
[Site "Vrnjacka Banja"]
[Date "2006.10.27"]
[Round "9.6"]
[White "Jacimovic, Dragoljub"]
[Black "Nikolic, Zivoslav"]
[Result "1/2-1/2"]
[WhiteElo "2412"]
[BlackElo "2426"]
[PlyCount "25"]
[EventDate "2006.09.09"]

1. d4 Nf6 2. c4 g6 3. Nc3 Bg7 4. e4 d6 5. Nf3 O-O 6. Be2 c5 7. O-O Bg4 8. d5
Nbd7 9. Be3 a6 10. a4 Ne8 11. Ne1 Bxe2 12. Qxe2 Nc7 13. Ra3 1/2-1/2

[Event "1st league of Central Serbia"]
[Site "Vrnjacka Banja"]
[Date "2006.10.27"]
[Round "9.6"]
[White "Pap, Misa"]
[Black "Aleksic, Nenad"]
[Result "1/2-1/2"]
[WhiteElo "2409"]
[BlackElo "2392"]
[PlyCount "92"]
[EventDate "2006.09.09"]

1. e4 c5 2. c3 b6 3. d4 Bb7 4. Bd3 Nf6 5. Nd2 e6 6. Ngf3 d6 7. O-O Be7 8. Qe2
cxd4 9. cxd4 Nbd7 10. b3 O-O 11. Bb2 Rc8 12. Rac1 Rxc1 13. Rxc1 Qa8 14. Ba3 Re8
15. Ba6 Qb8 16. Bxb7 Qxb7 17. e5 dxe5 18. Bxe7 Rxe7 19. dxe5 Nd5 20. Ne4 Nc5
21. Nxc5 bxc5 22. Rxc5 h6 23. Qb5 Qxb5 24. Rxb5 Rc7 25. h4 Rc1+ 26. Kh2 Rc2 27.
Ra5 Rxf2 28. Rxa7 Ne3 29. a4 Rxg2+ 30. Kh3 g5 31. hxg5 hxg5 32. Nd4 Kg7 33. Ra8
g4+ 34. Kh4 Nf5+ 35. Nxf5+ exf5 36. Rc8 Rh2+ 37. Kg5 Rf2 38. Rc1 g3 39. a5 g2
40. Rg1 f4 41. a6 f3 42. a7 Ra2 43. Kf4 f2 44. Rxg2+ Kh6 45. Rh2+ Kg7 46. Rg2+
Kh6 1/2-1/2

[Event "1st league of Central Serbia"]
[Site "Vrnjacka Banja"]
[Date "2006.10.27"]
[Round "9.6"]
[White "Novoselski, Zoran"]
[Black "Jovanovic, Drasko"]
[Result "1-0"]
[WhiteElo "2351"]
[BlackElo "2261"]
[PlyCount "45"]
[EventDate "2006.09.09"]

1. e4 c5 2. Nf3 e6 3. Nc3 Nc6 4. Bb5 Nge7 5. O-O Qc7 6. Re1 a6 7. Bxc6 Nxc6 8.
d4 cxd4 9. Nxd4 d6 10. Be3 Be7 11. Nxc6 bxc6 12. Qg4 Bf6 13. f4 Rb8 14. e5 h5
15. Qg3 dxe5 16. Ne4 exf4 17. Nxf6+ gxf6 18. Bxf4 Qa7+ 19. Be3 c5 20. Qg7 Rf8
21. Qxf6 Rg8 22. Bg5 Qc7 23. Rad1 1-0

[Event "1st league of Central Serbia"]
[Site "Vrnjacka Banja"]
[Date "2006.10.27"]
[Round "9.6"]
[White "Jovanovic, Bojan"]
[Black "Lazic, Dragoljub"]
[Result "1-0"]
[WhiteElo "2296"]
[BlackElo "2325"]
[PlyCount "49"]
[EventDate "2006.09.09"]

1. d4 Nf6 2. c4 g6 3. Nc3 Bg7 4. g3 O-O 5. Bg2 d6 6. Nf3 Nbd7 7. O-O e5 8. e4
c6 9. h3 Qa5 10. Re1 Qb4 11. Bf1 exd4 12. Nxd4 Ne8 13. a3 Qb6 14. Be3 Qc7 15.
b4 Nef6 16. Ra2 Re8 17. Bf4 Ne5 18. Rd2 Nh5 19. Be3 Be6 20. g4 Nf6 21. g5 Nh5
22. f4 Nxc4 23. Nxe6 Nxe3 24. Nxc7 Nxd1 25. Nxd1 1-0